Cuatro sacristanes (Record no. 68816)

MARC details
000 -LEADER
campo de control de longitud fija 00850nam a22002291 4500
001 - NÚMERO DE CONTROL
campo de control 68816
003 - IDENTIFICADOR DE NÚMERO DE CONTROL
campo de control ES-MaACL
005 - FECHA Y HORA DE LA ÚLTIMA TRANSACCIÓN
campo de control 20230906170354.0
007 - CAMPO FIJO DE DESCRIPCIÓN FÍSICA--INFORMACIÓN GENERAL
campo de control de longitud fija t|
008 - DATOS DE LONGITUD FIJA--INFORMACIÓN GENERAL
campo de control de longitud fija 000401s1875 sp ||||0| spa d
016 7# - NÚMERO DE CONTROL DE UNA AGENCIA BIBLIOGRÁFICA NACIONAL
Número de control cancelado/no válido IND2000916231
040 ## - FUENTE DE CATALOGACIÓN
Centro catalogador/agencia de origen M-BN
Lengua de catalogación spa
Centro/agencia transcriptor CDM
100 1# - ENTRADA PRINCIPAL--NOMBRE DE PERSONA
Nombre de persona Vega, Ricardo de la.
9 (RLIN) 113583
245 10 - MENCIÓN DEL TÍTULO
Título Cuatro sacristanes
Resto del título : revista bufo-política en un acto y en verso /
Mención de responsabilidad, etc. original de Ricardo de la Vega ; música de Don José Aceves ; precedida de un prólogo... por Rafael María Liern.
250 ## - MENCION DE EDICION
Mención de edición 2ª ed.
260 ## - PUBLICACIÓN, DISTRIBUCIÓN, ETC.
Lugar de publicación, distribución, etc. Madrid :
Nombre del editor, distribuidor, etc. [s.n.],
Fecha de publicación, distribución, etc. 1875 (
Fabricante Imp. de Diego Valero)
300 ## - DESCRIPCIÓN FÍSICA
Extensión 32 p. ;
Dimensiones 19 cm.
500 ## - NOTA GENERAL
Nota general Solo incluye la letra.
700 1# - ENTRADA AGREGADA--NOMBRE PERSONAL
Nombre de persona Liern, Rafael María.
9 (RLIN) 72253
700 1# - ENTRADA AGREGADA--NOMBRE PERSONAL
Nombre de persona Aceves, José.
9 (RLIN) 143453
852 ## - LOCALIZACIÓN
Ubicación ES-MaACL
Número de control de estantería D-2525(7)
condición física . - Encuadernado con otras obras
Nota libre .- Legado M. de La Fuente
Holdings
Estatus retirado Estado de pérdida Estado de daño No para préstamo Colección Biblioteca de origen Biblioteca actual Ubicación en estantería Fecha de adquisición Fuente de adquisición Total de préstamos Signatura topográfica completa Código de barras Visto por última vez Precio de reemplazo Tipo de ítem Koha
        Libros del s. XIX Biblioteca del Ateneo de Madrid Biblioteca del Ateneo de Madrid Sala Valle Inclán 17/01/2008     D-2525(7) 901072056 23/02/2023 23/02/2023 Libro impreso antiguo